Feedlive CD: The feed formulation software

Saved in:
Bibliographic Details
Corporate Author: Live Informatics Company
Format: Book
Language:Undetermined
Published: Nonthaburi, Thailand Live Informatics Company 2002
Subjects:
Tags: Add Tag
No Tags, Be the first to tag this record!
Institutions: Trung tâm Học liệu Trường Đại học Cần Thơ
LEADER 00585nam a2200217Ia 4500
001 CTU_68105
008 210402s9999 xx 000 0 und d
020 |b 346 
082 |a 636.0852 
082 |b L784 
110 |a Live Informatics Company 
245 0 |a Feedlive CD: 
245 4 |b The feed formulation software 
245 0 |c Live Informatics Company 
260 |a Nonthaburi, Thailand 
260 |b Live Informatics Company 
260 |c 2002 
650 |a Animals 
650 |x Feeding and feeds 
904 |i Minh 
980 |a Trung tâm Học liệu Trường Đại học Cần Thơ